• 首页
  • 本馆介绍
  • 公告通知
  • 最新文献
  • 馆藏检索
  • 电子资源
  • 读者导购
  • 参考咨询
  • 我的图书馆
  • 登录
  • 详细信息显示
  • 放入我的书架
  • 预约/预借图书
  • 作者相关作品
  • 分类相关作品
  • 丛书相关作品
  • 出版社相关作品

书目信息

  • 表格格式
  • 工作单格式
  • 卡片格式
题名:
中国经济双重转型之路
    
 
作者: 厉以宁 著
分册:  
出版信息: 北京   中国人民大学出版社  2013
页数: 318页
开本: 24cm
丛书名:
单 册:
中图分类: F123.9
科图分类:
主题词: 中国经济--转型经济--研究 , 中国经济 , 转型经济
电子资源:
ISBN: 978-7-300-18140-0
000 01203nam0 2200265 450
001 523
005 20140908151753.15
010    @a978-7-300-18140-0@dCNY48.00
100    @a20131220d2013 em y0chiy50 ea
101 0  @achi
102    @aCN@b110000
105    @ay z 000yy
106    @ar
200 1  @a中国经济双重转型之路@AZhong Guo Jing Ji Shuang Zhong Zhuan Xing Zhi Lu@dChinese economy in dual transition@f厉以宁著@FLi Yi Ning Zhu@zeng
210    @a北京@c中国人民大学出版社@d2013
215    @a318页@d24cm
330    @a本书以产权改革为核心,讨论了土地确权、国有企业的进一步改革、民营企业的产权维护、收入分配制度改革、城镇化、自主创新、产业升级、社会资本的创造等问题;总结了改革开放30多年以来中国由计划经济体制转向市场经济体制,由传统的农业社会转向工业社会的双重转型过程中的经验,对中国未来的改革和发展作出了前瞻性的分析和研究,并阐明了中国的发展经济学实质上就是从计划经济体制向市场经济体制转型的发展经济学。
510 1  @aChinese economy in dual transition@zeng
606 0  @a中国经济@x转型经济@x研究
606 0  @a中国经济
606 0  @a转型经济
690    @aF123.9@v5
701  0 @a厉以宁@ALi Yi Ning@f(1930.11~)@4著
801  0 @aCN@bTANGWEI@c20140603
905    @b0840290-92@dF123.9@e251@f3
    
    中国经济双重转型之路=Chinese economy in dual transition/厉以宁著.-北京:中国人民大学出版社,2013
    318页;24cm
    
    
    ISBN 978-7-300-18140-0:CNY48.00
    本书以产权改革为核心,讨论了土地确权、国有企业的进一步改革、民营企业的产权维护、收入分配制度改革、城镇化、自主创新、产业升级、社会资本的创造等问题;总结了改革开放30多年以来中国由计划经济体制转向市场经济体制,由传统的农业社会转向工业社会的双重转型过程中的经验,对中国未来的改革和发展作出了前瞻性的分析和研究,并阐明了中国的发展经济学实质上就是从计划经济体制向市场经济体制转型的发展经济学。
●
相关链接 在E读中查询图书 在五车中查询图书 在当当中查询图书 在豆瓣中查询图书


正题名:中国经济双重转型之路     索取号:F123.9/251         预约/预借

序号 登录号 条形码 馆藏地/架位号 状态 备注
1 0840290   208402904   第一样本阅览室/ [索取号:F123.9/251] 在馆    
2 0840291   208402913   密集书库-海洋学院/ [索取号:F123.9/251] 在馆    
3 0840292   208402922   第一借阅区/ [索取号:F123.9/251] 在馆    
唐山师范学院图书馆 欢迎您!
大连网信软件有限公司© 版权所有